| 000 | 00708nam a2200217 a 4500 | ||
|---|---|---|---|
| 005 | 20231128063924.0 | ||
| 008 | 991125s1996 mx 000 0 spa u | ||
| 020 | _a9681644514 | ||
| 035 | _aUPN01000026488 | ||
| 049 | _aCG | ||
| 050 | 4 |
_aF1220 _bV53a |
|
| 100 | 1 |
_aVilloro, Luis, _d1922-2014 |
|
| 245 | 1 | 4 |
_aLos grandes momentos del indigenismo en México / _cLuis Villoro. |
| 260 |
_aMéxico : _bEl Colegio de México : _bEl Colegio Nacional, _c1996. |
||
| 300 | _a302 p. | ||
| 440 | 0 |
_aCuadernos de la gaceta ; _v90 |
|
| 590 | _aBibliografía Básica (BGTQ) | ||
| 590 | _a(También localizas un ejemplar en el "Area de Reserva") | ||
| 650 | 4 |
_aIndígenas de México _xHistoria _912765 |
|
| 905 | _aLibro | ||
| 999 |
_c26488 _d26488 |
||